Wymień top 11 krajów z największą liczbą sąsiadów - Statystyki

Ogólne statystyki
  • Ten quiz został rozwiązany 20 razy
  • Średni wynik to 10 z 11
Odpowiedzi na mapie
Odpowiedzi zakodowano w zielono-czerwonej skali na mapie do tego quizu, zgodnie z poniższymi procentami.
 
Statystyki odpowiedzi
Odpowiedź % Poprawnych
Brazylia
100%
Austria
94%
Chiny
94%
Francja
94%
Niemcy
94%
Polska
94%
Rosja
94%
Turcja
94%
Serbia
89%
Sudan
89%
Demokratyczna Republika Konga
83%
Nie znaleziono quizów pasujących do podanych kryteriów
Rozkład punktacji
Procent ludzi z każdym wynikiem
Percentyl według liczby udzielonych odpowiedzi
Twoja historia wyników
Nie rozwiązałeś tego quizu